[Event "MNT-chT 1st League"]
[Site "Podgorica"]
[Date "2018.10.19"]
[Round "7.2"]
[White "Perovic, Vladimir"]
[Black "Nikolic, Dragomir"]
[Result "1-0"]
[WhiteElo "2131"]
[BlackElo "1820"]
[PlyCount "83"]
[EventDate "2018.09.07"]
[EventType "team-tourn"]
[EventRounds "9"]
[EventCountry "MNE"]
[SourceTitle "CBM 187 Extra"]
[Source "ChessBase"]
[SourceDate "2018.11.04"]
[SourceVersion "1"]
[SourceVersionDate "2018.11.04"]
[SourceQuality "1"]
[WhiteTeam "Niksic"]
[BlackTeam "Oktober 7th"]
[WhiteTeamCountry "MNE"]
[BlackTeamCountry "MNE"]

1. e4 d6 2. d4 Nf6 3. Nc3 a6 4. f3 g6 5. Be3 Bg7 6. Qd2 b5 7. a3 Bb7 8. Rd1 Nbd7 9. Nh3 h6 10. Be2 c5 11. dxc5 Nxc5 12. e5 Nfd7 13. exd6 e6 14. 0-0 Rc8 15. Nf4 0-0 16. Nd3 Nxd3 17. Bxd3 Kh7 18. Be4 Bxe4 19. fxe4 Ne5 20. d7 Rc6 21. b3 Ng4 22. Na2 a5 23. Rf3 Nxe3 24. Rxe3 Be5 25. Rh3 h5 26. Qe2 Qb6+ 27. Kh1 Rd8 28. Rxh5+ gxh5 29. Qxh5+ Kg8 30. Qxe5 Qe3 31. h3 Rxc2 32. Qf6 Qb6 33. Nc3 Rf2 34. Qg5+ Kf8 35. Qh6+ Kg8 36. Nd5 Rxd7 37. Nxb6 Rxd1+ 38. Kh2 Rff1 39. Nc8 Rd7 40. e5 Rf5 41. Nd6 Rxe5 42. Ne8 1-0

[Event "MNT-chT 1st League"]
[Site "Podgorica"]
[Date "2018.09.28"]
[Round "4.3"]
[White "Nikolic, Dragomir"]
[Black "Spalevic, Dragan"]
[Result "1/2-1/2"]
[WhiteElo "1820"]
[BlackElo "1806"]
[PlyCount "122"]
[EventDate "2018.09.07"]
[EventType "team-tourn"]
[EventRounds "9"]
[EventCountry "MNE"]
[SourceTitle "CBM 187 Extra"]
[Source "ChessBase"]
[SourceDate "2018.11.04"]
[SourceVersion "1"]
[SourceVersionDate "2018.11.04"]
[SourceQuality "1"]
[WhiteTeam "Oktober 7th"]
[BlackTeam "Gambit"]
[WhiteTeamCountry "MNE"]
[BlackTeamCountry "MNE"]

1. d4 d5 2. Nc3 c6 3. Nf3 Bf5 4. g3 e6 5. Bg2 h6 6. 0-0 Nf6 7. Re1 Bb4 8. Bd2 0-0 9. Ne5 Nbd7 10. Nxd7 Qxd7 11. a3 Ba5 12. Nxd5 cxd5 13. Bxa5 Qa4 14. Bb4 Rfc8 15. c3 Bc2 16. Qc1 b6 17. f3 Bg6 18. g4 a5 19. Be7 Ne8 20. e4 Qd7 21. Bh4 dxe4 22. fxe4 e5 23. dxe5 Qxg4 24. Bg3 Nc7 25. Qe3 Ne6 26. Rad1 h5 27. h3 Qg5 28. Rd6 b5 29. Qxg5 Nxg5 30. h4 Ne6 31. Bh3 Re8 32. Bf5 Rab8 33. Red1 b4 34. axb4 axb4 35. c4 Rbc8 36. b3 Bxf5 37. exf5 Nc5 38. Rb6 Nxb3 39. Rxb4 Na5 40. Rc1 Rc5 41. Kg2 Rec8 42. e6 fxe6 43. fxe6 Re8 44. e7 Nc6 45. Rb7 Ne5 46. Rf1 Nxc4 47. Rf3 Rc6 48. Rc3 Kf7 49. Rf3+ Rf6 50. Rc3 Nd6 51. Bxd6 Rxd6 52. Rf3+ Rf6 53. Re3 Re6 54. Rf3+ Kg8 55. Rf5 g6 56. Rc5 Re4 57. Kg3 Kf7 58. Rc3 R8xe7 59. Rxe7+ Rxe7 60. Ra3 Kf6 61. Rf3+ Kg7 1/2-1/2

[Event "MNT-chT 1st League"]
[Site "Podgorica"]
[Date "2014.10.12"]
[Round "9.4"]
[White "Lukic, Lazar"]
[Black "Nikolic, Dragomir"]
[Result "1-0"]
[WhiteElo "1830"]
[BlackElo "1877"]
[PlyCount "61"]
[EventDate "2014.08.29"]
[EventType "team-tourn"]
[EventRounds "9"]
[EventCountry "MNE"]
[SourceTitle "EXT 2018"]
[Source "ChessBase"]
[SourceDate "2017.10.13"]
[SourceVersion "1"]
[SourceVersionDate "2017.10.13"]
[SourceQuality "1"]
[WhiteTeam "Omladinac Buducnost"]
[BlackTeam "7 Oktobar"]
[WhiteTeamCountry "MNE"]
[BlackTeamCountry "MNE"]

1. e4 e6 2. d3 c5 3. Nf3 Nc6 4. g3 Nf6 5. Bg2 Qc7 6. 0-0 Be7 7. Bf4 e5 8. Be3 d6 9. c3 0-0 10. Nbd2 Bg4 11. h3 Bh5 12. g4 Bg6 13. Nh4 Rad8 14. f4 exf4 15. Bxf4 Qb6 16. Nc4 Qc7 17. Nf5 Bxf5 18. exf5 h6 19. Qd2 Nh7 20. Ne3 Bg5 21. Nd5 Qd7 22. Bxg5 Nxg5 23. f6 Rfe8 24. fxg7 Kxg7 25. Nf6 Qc7 26. h4 Nh7 27. Nxh7 Kxh7 28. Rf6 Re6 29. Qxh6+ Kg8 30. Be4 Rxe4 31. Qg5+ 1-0